000 00303 a2200109 4500
001 ART_18158
005 20260410161657.0
008 260409a
245 1 0 _aNuevas normas contables.
100 1 _aGarcía, Fernando
773 0 _tPráctica profesional
_g- Nº 148 (ago. 2011)
_wREV542
999 _c14861
_d14861